000 00736nam a22002177a 4500
999 _c11537
_d11537
003 AR-CdUCM
008 190404b ||||| |||| 00| 0 spa d
040 _aMUNICIPALIDAD PROVINCIAL DEL CUSCO
_cBIBLIOTECA MUNICIPAL DEL CUSCO
082 _aEP / 372.460 /
_bR63
100 _aRíos L., Carmen de los
_928954
245 _aResplandor 2 :
_bLenguaje Bruño /
260 _aLima :
_bBruño..
300 _a118 páginas ;
_bIlustraciones
_c28cm
500 _aEducación primaria 2do
505 _aContenido: Lectura -- Ortografía -- Caligrafía -- Comprensión -- Vocabulario...
650 _aLecturas
_96094
650 _aEducación primaria
_91561
700 _aSalcedo T., Julio
_928955
942 _2ddc
_cLIBROS
945 _anom